000 00672nam a22002177a 4500
005 20170124110220.0
010 _aB-031029
020 _c675.00
_a8170002702
035 _aB-031029
037 _bCen Lib/Ret
040 _aDPL
_bEN
082 _a025
_bBAJ
100 _aBajpai, S.K.
_939753
245 _aPreservation and management of library collections /
_cby S.K. Bajpai
260 _aNew Delhi
_bEss Ess Publications
_c1999
270 _a4837/24, ansari road, dariya ganj
_bNew Delhi
_e110002
300 _avi, 322p.
_c21cm(Hb)
650 _aLibrary science
_939754
650 _aPreservation policy
_939755
942 _2ddc
_cEN
_h025
_mBAJ
999 _c134089
_d134089